000 00576 a2200181 4500
001 137914
020 _a9788584403271
040 _cLeonardo Da Vinci
041 _aPortuguês
082 _a379.260981 I22a
_bI22a
100 _aIENSUE, Geziela
245 _aAções afirmativas, eficiência e justiça
_banálise da legitimidade a partir do desenvolvimento como liberdade
260 _bLumen Juris
_c2016
_aRio de Janeiro
300 _a584
362 _a20160000
697 _aDesigualdade racial
_aNegros - Educação
_aPolíticas públicas
_aEnsino superior
942 _cBK
999 _c137914
_d137914